Spectra Interpretation of Organic Compounds + CD-ROM /

Guardado en:
Detalles Bibliográficos
Autores principales: Pretsch, Erno (Autor), Clerc, Jean Thomas (Autor)
Formato: Libro
Lenguaje:inglés
Publicado: Weinheim : VCH, 1997
Etiquetas: Agregar Etiqueta
Sin Etiquetas, Sea el primero en etiquetar este registro!

MARC

LEADER 00000nam a22000003a 4500
001 stu19811
005 20150617225754.0
008 971010s1997----gw------------------eng-d
020 |a 3-527-28826-0 
040 |a STU  |b slo 
041 0 |a eng 
044 |a gw 
080 |a 543.42  |7 A000003321 
100 1 |a Pretsch, Erno  |4 aut 
245 1 |a Spectra Interpretation of Organic Compounds + CD-ROM /  |c [aut.]Pretsch,Erno, Clerc,Jean Thomas 
260 |a Weinheim :  |b VCH,  |c 1997 
300 |a 175 s :  |b Tab.,grafy,lit 
700 1 |a Clerc, Jean Thomas  |4 aut 
996 |b C95012  |c C*95012  |l CCXXV  |s P  |a 0  |w stu19811_0001